Текст томруулах:    
Managerial accounting (Бичлэгийн дугаар. 146004)
000 -УДИРДЛАГА
Удирдлага 00886 a2200301 4500
003 - ХЯНАЛТЫН ТОО ТОДОРХОЙЛОГЧ
Код MN-UlNUM
005 - БИЧИЛТ ХИЙСЭН ОГНОО
Тухайн бичилтийг бичсэн засварласан сүүлийн огноо 20251223105524.0
008 - ЕРӨНХИЙ МЭДЭЭЛЭЛ
Ерөнхий мэдээлэл 110605s1994 nyua 001 | eng |
020 ## - ISBN
ISBN 0070289875
040 ## - БИЧЛЭГ ҮҮСГЭГЧ БАЙГУУЛЛАГА
Бичлэг үүсгэгч номын сангийн код МУИС-ийн номын сан
084 ## - ББК АНГИЛАЛ
ББК ангилал 65.052
Зохиогчийн гурван тэмдэгт H 66
Нэмэлт тусгалт Сурах бичиг
Мэдлэгийн ялгаа 65 - Эдийн засаг
100 1# - ЗОХИОГЧ
Зохиогчийн нэр Hilton, Ronald W
245 10 - ҮНДСЭН ГАРЧИГ
Номын нэр Managerial accounting
Оролцогчдын тухай мэдээ Ronald W. Hilton.
250 ## - ДАХИН ХЭВЛЭЛТ
Дахин гаралтын дугаар 2nd ed.
260 ## - ГАРАЛТЫН МЭДЭЭ
Хэвлэгдсэн газар New York:
Хэвлэлийн газар MC Graw Hill
Хэвлэгдсэн он 1994
300 ## - МАТЕРИАЛЫН ТОДОРХОЙЛОЛТ
хуудасны тоо xxx, 982, G1-17, I1-18 p. :
Бусад тоон мэдээлэл col. ill.
Хэмжээ 27 cm.
500 ## - Тайлбар
Дансны дугаар БС 4671
546 ## - ХЭЛНИЙ ТУХАЙ МЭДЭЭ
Хэл Англи хэл дээр,
653 ## - Түлхүүр үг
Түлхүүр үг managerial accounting
653 ## - Түлхүүр үг
Түлхүүр үг accounting
653 ## - Түлхүүр үг
Түлхүүр үг management
740 ## - НОМЫН ГАРЧИГ
Гарчиг Fundamentals and cost-accumulation systems
740 ## - НОМЫН ГАРЧИГ
Гарчиг Planning and control systems
740 ## - НОМЫН ГАРЧИГ
Гарчиг Using accounting information in making decisions
740 ## - НОМЫН ГАРЧИГ
Гарчиг Selected topics for further study
942 ## - ЭЛЕМЕНТИЙН ТӨРӨЛ
Зүйлийн төрөл Ном